| 000 | 00317nam a22001337a 4500 | ||
|---|---|---|---|
| 999 |
_c15370 _d15370 |
||
| 020 | _a9878126450800 | ||
| 082 |
_a894.812 3 _bBEN/MU |
||
| 100 |
_aBenyamin _93043 |
||
| 245 | _aMullappoo Niramulla Pakalukal | ||
| 260 |
_aKottayam _bD.C Books _c2017 |
||
| 300 | _a294 | ||
| 650 |
_aMalayalam Fiction _93040 |
||
| 942 | _cBK | ||